[Event "Bad Woerishofen op"]
[Site "?"]
[Date "2005.03.04"]
[Round "2"]
[White "Grosser, Walter"]
[Black "Colovic, Alexandar"]
[Result "0-1"]
[WhiteElo "2133"]
[BlackElo "2404"]
[PlyCount "106"]
[EventDate "2005.03.04"]

1. d4 Nf6 2. Nf3 e6 3. e3 b5 4. Bd3 Bb7 5. O-O c5 6. Nbd2 Nc6 7. Re1 Be7 8. c3
O-O 9. Ne4 Rc8 10. Nxf6+ Bxf6 11. Ne5 Bxe5 12. dxe5 Nxe5 13. Bxh7+ Kxh7 14.
Qh5+ Kg8 15. Qxe5 d6 16. Qg3 f5 17. e4 fxe4 18. Bg5 Qc7 19. Re3 Rf5 20. Qh4 Qf7
21. Rh3 Qg6 22. Rg3 Qh7 23. Qg4 Rc7 24. Rh3 Qg6 25. Rg3 Rcf7 26. Qh4 Rxf2 27.
Rh3 R7f5 28. Rg3 Qf7 29. h3 Rf1+ 30. Rxf1 Rxf1+ 31. Kh2 Qf2 32. Be3 Qf6 33. Qh5
Rf5 34. Bg5 Qf7 35. Qh4 e3 36. Bxe3 Qf6 37. Qxf6 Rxf6 38. h4 Kf7 39. Bg5 Rf2
40. Rd3 Rxg2+ 41. Kh3 Rxb2 42. Rxd6 Bg2+ 43. Kg3 Rxa2 44. h5 Bd5 45. Rd7+ Kg8
46. Rd8+ Kh7 47. Rd7 Rg2+ 48. Kh4 Bf3 49. Bd2 a5 50. h6 a4 51. hxg7 a3 52. Bc1
a2 53. Ra7 Bd5 0-1

[Event "Bad Woerishofen op"]
[Site "?"]
[Date "2005.03.04"]
[Round "2"]
[White "De Francesco, Klaus"]
[Black "Schlierf, Andre"]
[Result "1/2-1/2"]
[WhiteElo "2245"]
[BlackElo "2106"]
[PlyCount "97"]
[EventDate "2005.03.04"]

1. d4 f5 2. c4 Nf6 3. Nc3 e6 4. Nf3 d5 5. Bf4 Bd6 6. g3 c6 7. Qc2 O-O 8. Bg2
Ne4 9. Bxd6 Qxd6 10. O-O Nd7 11. a3 Ndf6 12. cxd5 exd5 13. Ne5 Be6 14. f3 Nxc3
15. Qxc3 Nd7 16. Nd3 g5 17. f4 g4 18. b4 Nf6 19. Ne5 Ne4 20. Bxe4 dxe4 21. e3
Rfd8 22. Rfc1 Bd5 23. Rab1 Rdc8 24. Rb2 Rc7 25. Rbc2 Rac8 26. Qb2 Kf8 27. b5
cxb5 28. Rxc7 Rxc7 29. Rxc7 Qxc7 30. Kf2 a6 31. Ke2 Ke7 32. Qb4+ Qd6 33. Qa5
Be6 34. Kd2 Kf6 35. Qb4 Qxb4+ 36. axb4 Ke7 37. Kc3 Kd6 38. Kb2 b6 39. Kc2 a5
40. Kc3 Kc7 41. Kc2 axb4 42. Kb2 b3 43. Ka3 b4+ 44. Kb2 Kb7 45. Kc1 Ka6 46. Kb1
Kb5 47. Kb2 Bg8 48. Nd7 Kc4 49. Ne5+ 1/2-1/2

[Event "Bad Woerishofen op"]
[Site "?"]
[Date "2005.03.04"]
[Round "2"]
[White "Salvermoser, Bernd"]
[Black "Camilleri, Stephan"]
[Result "1/2-1/2"]
[WhiteElo "2100"]
[BlackElo "2100"]
[PlyCount "86"]
[EventDate "2005.03.04"]

1. d4 Nf6 2. c4 c5 3. d5 b5 4. cxb5 a6 5. Nc3 axb5 6. e4 b4 7. Nb5 d6 8. Bf4 g5
9. Bxg5 Nxe4 10. Bf4 Nf6 11. Bc4 Bg7 12. Nf3 Nbd7 13. Nxd6+ exd6 14. Bxd6 Ne4
15. Qe2 f5 16. Nd4 Qf6 17. Nb5 Kf7 18. Bc7 Kg6 19. g4 Ne5 20. gxf5+ Qxf5 21.
Bxe5 Qxe5 22. Rg1+ Kf7 23. d6+ Be6 24. Bxe6+ Qxe6 25. f3 Rxa2 26. Rxa2 Qxa2 27.
fxe4 Qb1+ 28. Kf2 Qxb2 29. Qxb2 Bxb2 30. Rb1 Be5 31. Rc1 Bxh2 32. Rxc5 Ke6 33.
Rh5 Be5 34. Rh6+ Kd7 35. Rh5 Bb2 36. e5 Rb8 37. Rxh7+ Ke6 38. Na7 Kd5 39. Re7
Bxe5 40. d7 Bc7 41. Re8 Rd8 42. Rxd8 Bxd8 43. Ke3 Kd6 1/2-1/2

[Event "Bad Woerishofen op"]
[Site "?"]
[Date "2005.03.04"]
[Round "2"]
[White "Valenta, Vit"]
[Black "Eingorn, Vereslav"]
[Result "0-1"]
[WhiteElo "2193"]
[BlackElo "2567"]
[PlyCount "116"]
[EventDate "2005.03.04"]

1. e4 g6 2. d4 Bg7 3. Nc3 c6 4. Nf3 d5 5. Be2 Bg4 6. Be3 dxe4 7. Nxe4 Nd7 8. h3
Bxf3 9. Bxf3 Ngf6 10. Nxf6+ Nxf6 11. O-O Nd5 12. Bc1 O-O 13. c3 e6 14. Qb3 Qb6
15. Qxb6 axb6 16. Bg5 b5 17. a3 Nb6 18. Rad1 h6 19. Bc1 Kh7 20. Rfe1 Bf6 21.
Be4 Bg5 22. Bxg5 hxg5 23. Bb1 Kg7 24. Bc2 Nc4 25. Rb1 Rfe8 26. Bd3 Nb6 27. Bc2
Nd7 28. Re2 Rh8 29. Rbe1 Rh4 30. f3 Rhh8 31. Kf2 Rhd8 32. Be4 Rac8 33. Rd1 Nb6
34. Bc2 Kf6 35. Bb3 c5 36. dxc5 Rxd1 37. Bxd1 Rxc5 38. Bb3 Nc4 39. a4 bxa4 40.
Bxa4 Ra5 41. Bb3 Nd6 42. Bc2 Ra1 43. Bd3 b6 44. Rc2 Ke5 45. Re2+ Kf6 46. Rc2
Ra4 47. Ke3 Ke5 48. Re2 b5 49. Kf2+ Kd5 50. Bc2 Rh4 51. Rd2+ Kc6 52. Bd3 Rh8
53. Ke3 f5 54. Rc2 e5 55. Re2 Ra8 56. Rc2 Ra1 57. Re2 Rd1 58. b3 f4+ 0-1

[Event "Bad Woerishofen op"]
[Site "?"]
[Date "2005.03.04"]
[Round "2"]
[White "Babar, Michael"]
[Black "Postny, Evgeny"]
[Result "0-1"]
[WhiteElo "2190"]
[BlackElo "2557"]
[PlyCount "110"]
[EventDate "2005.03.04"]

1. d4 Nf6 2. Nf3 c5 3. c3 e6 4. Bg5 b6 5. e3 Bb7 6. Nbd2 Be7 7. Be2 h6 8. Bxf6
Bxf6 9. h3 O-O 10. O-O Qc7 11. Qb1 d6 12. Re1 Nd7 13. Bd3 Rac8 14. Qd1 Rfd8 15.
Qe2 d5 16. Rad1 Re8 17. Bb1 Rcd8 18. Qd3 g6 19. Qf1 e5 20. dxe5 Nxe5 21. Nxe5
Bxe5 22. Nf3 Bd6 23. Qe2 Re6 24. a3 Qe7 25. Ba2 Bc7 26. Rd2 Red6 27. Qd1 Kg7
28. Bb3 Qf6 29. Qe2 Re8 30. Red1 Qd8 31. Qf1 Qa8 32. Ne1 Red8 33. Rc1 Qc8 34.
Bd1 Rf6 35. Bg4 Qa8 36. Bf3 a6 37. Rcd1 b5 38. Nc2 Be5 39. Qe2 h5 40. Re1 Qc8
41. Red1 Qe6 42. Qf1 Bc7 43. Ne1 h4 44. Nd3 Qd6 45. Qe1 Qh2+ 46. Kf1 Rxf3 47.
gxf3 c4 48. Nc5 d4 49. e4 d3 50. Nxd3 cxd3 51. Rxd3 Qxh3+ 52. Ke2 Rxd3 53. Rxd3
Qe6 54. Kd1 h3 55. Kc2 h2 0-1

[Event "Bad Woerishofen op"]
[Site "?"]
[Date "2005.03.05"]
[Round "3"]
[White "Oberhofer, Max"]
[Black "Khurtsidzse, Nino"]
[Result "0-1"]
[WhiteElo "2214"]
[BlackElo "2400"]
[PlyCount "36"]

1. c4 e6 2. g3 d5 3. Bg2 Nf6 4. Nf3 Be7 5. d4 c6 6. Nbd2 Nbd7 7. O-O O-O 8. b3
b6 9. Bb2 Bb7 10. Qc2 c5 11. Ne1 Rc8 12. Rc1 cxd4 13. Bxd4 e5 14. Bb2 b5 15.
Qb1 bxc4 16. bxc4 Ba6 17. Nd3 dxc4 18. Ne1 c3 0-1

[Event "Bad Woerishofen op"]
[Site "?"]
[Date "2005.03.05"]
[Round "3"]
[White "Bohnstorff, Michael"]
[Black "Lamberger, Werner"]
[Result "1/2-1/2"]
[WhiteElo "2205"]
[BlackElo "2069"]
[PlyCount "54"]

1. d4 f5 2. g3 Nf6 3. Bg2 e6 4. c4 d6 5. Nc3 Be7 6. Qb3 c6 7. Nh3 Qb6 8. Qxb6
axb6 9. O-O d5 10. cxd5 exd5 11. Nf4 O-O 12. Nd3 Be6 13. Bf4 Nbd7 14. f3 b5 15.
a3 Bf7 16. Rae1 Bg6 17. Bg5 Bd6 18. Bf4 Be7 19. Bg5 Bd6 20. Nf4 Bxf4 21. Bxf4
Rfe8 22. Bh3 Nb6 23. Kf2 Nc4 24. Bc1 Re7 25. Nd1 h6 26. Ne3 Nxe3 27. Bxe3 Ra4
1/2-1/2

[Event "Bad Woerishofen op"]
[Site "?"]
[Date "2005.03.05"]
[Round "3"]
[White "Lieb, Harald"]
[Black "Camilleri, Henry"]
[Result "1-0"]
[WhiteElo "2276"]
[BlackElo "2079"]
[PlyCount "51"]

1. d4 e6 2. c4 f5 3. Nf3 Nf6 4. g3 c6 5. Bg2 d5 6. O-O Bd6 7. Qc2 O-O 8. Bf4
Bxf4 9. gxf4 Bd7 10. e3 Be8 11. cxd5 cxd5 12. Nbd2 Nbd7 13. Rac1 Bh5 14. Nb3
Rc8 15. Qd2 Ne4 16. Rxc8 Qxc8 17. Qb4 Nb6 18. Ne5 Qc2 19. f3 Nf6 20. Nc5 Rc8
21. Nxe6 Bf7 22. Qe7 Bxe6 23. Qxe6+ Kh8 24. Nf7+ Kg8 25. Nh6+ Kh8 26. Qg8+ 1-0

[Event "Bad Woerishofen op"]
[Site "?"]
[Date "2005.03.05"]
[Round "3"]
[White "Klein, Manfred"]
[Black "Espig, Lutz"]
[Result "0-1"]
[WhiteElo "2267"]
[BlackElo "2432"]
[PlyCount "46"]

1. e4 c5 2. Nf3 e6 3. d4 cxd4 4. Nxd4 Nf6 5. Nc3 d6 6. Be3 a6 7. Be2 Qc7 8. a4
b6 9. f4 Bb7 10. Bf3 Nbd7 11. O-O Be7 12. Qe2 O-O 13. Kh1 Rfe8 14. Bg1 e5 15.
fxe5 Nxe5 16. Qf2 Bf8 17. Nf5 Nxf3 18. gxf3 d5 19. Qxb6 Qxb6 20. Bxb6 dxe4 21.
fxe4 Nxe4 22. Nxe4 Rxe4 23. Kg1 Rg4+ 0-1

[Event "Bad Woerishofen op"]
[Site "?"]
[Date "2005.03.05"]
[Round "3"]
[White "Pitl, Gregory"]
[Black "Levin, Felix"]
[Result "0-1"]
[WhiteElo "2296"]
[BlackElo "2498"]
[PlyCount "46"]

1. e4 c6 2. d4 d5 3. f3 e6 4. Nc3 Bb4 5. Bf4 Ne7 6. Qd3 Nd7 7. O-O-O O-O 8. h4
Qa5 9. Nge2 dxe4 10. Nxe4 Nd5 11. Ng5 g6 12. Be5 Nxe5 13. dxe5 Qxa2 14. c3 Be7
15. Nd4 c5 16. Nc2 b5 17. f4 b4 18. c4 Nc3 19. Be2 Bb7 20. bxc3 b3 21. Ne4 Rfd8
22. Nd6 Bxd6 23. exd6 Rxd6 0-1

[Event "Bad Woerishofen op"]
[Site "?"]
[Date "2005.03.05"]
[Round "3"]
[White "Asmundsson, Ingvar"]
[Black "Gutman, Lev"]
[Result "0-1"]
[WhiteElo "2288"]
[BlackElo "2461"]
[PlyCount "64"]

1. e4 c5 2. Nf3 d6 3. Bb5+ Nc6 4. O-O Bd7 5. Re1 a6 6. Bxc6 Bxc6 7. d4 cxd4 8.
Nxd4 Nf6 9. Nxc6 bxc6 10. c4 g6 11. Nc3 Bg7 12. Be3 O-O 13. Qd2 a5 14. Rad1 a4
15. c5 Ng4 16. cxd6 Nxe3 17. dxe7 Qxe7 18. Qxe3 Qb4 19. e5 Qxb2 20. f4 Rfd8 21.
Rxd8+ Rxd8 22. Re2 Qb4 23. Ne4 h6 24. h4 h5 25. Kh2 Qe7 26. Ng5 c5 27. Rd2 Rxd2
28. Qxd2 Bh6 29. Ne4 Qxh4+ 30. Kg1 Bxf4 31. g3 Bxg3 32. Nxg3 Qxg3+ 0-1

[Event "Bad Woerishofen op"]
[Site "?"]
[Date "2005.03.05"]
[Round "3"]
[White "Hedke, Fred"]
[Black "Tiviakov, Sergei"]
[Result "0-1"]
[WhiteElo "2337"]
[BlackElo "2627"]
[PlyCount "56"]

1. e4 c5 2. d4 cxd4 3. c3 dxc3 4. Nxc3 Nc6 5. Nf3 d6 6. Bc4 e6 7. O-O Be7 8.
Qe2 Nf6 9. Rd1 e5 10. h3 O-O 11. Be3 Be6 12. Bxe6 fxe6 13. Rac1 Rc8 14. b4 Nxb4
15. Qb5 Nc6 16. Qxb7 Na5 17. Qxa7 Ra8 18. Qb6 Qxb6 19. Bxb6 Nc4 20. Bc7 Rfc8
21. Nb5 Ra4 22. Rc2 Nxe4 23. Rdc1 Na5 24. a3 Nb3 25. Rc4 Nxc1 26. Rxa4 Ne2+ 27.
Kf1 N2c3 28. Nxc3 Nxc3 0-1

[Event "Bad Woerishofen op"]
[Site "?"]
[Date "2005.03.05"]
[Round "3"]
[White "Eingorn, Vereslav"]
[Black "Friedrich, Norbert"]
[Result "1-0"]
[WhiteElo "2587"]
[BlackElo "2317"]
[PlyCount "41"]

1. d4 d5 2. c4 c6 3. Nf3 Nf6 4. Nc3 e6 5. cxd5 cxd5 6. Bf4 Nc6 7. e3 Nh5 8. Bg5
Qb6 9. Bb5 h6 10. Bh4 Bd7 11. O-O Bd6 12. Ne5 Nxe5 13. dxe5 Bxb5 14. exd6 Bxf1
15. d7+ Kf8 16. Qxh5 Ba6 17. Rd1 Qc7 18. Nxd5 exd5 19. Qxd5 Rd8 20. Bxd8 Qxd8
21. Qa5 1-0

[Event "Bad Woerishofen op"]
[Site "?"]
[Date "2005.03.05"]
[Round "3"]
[White "Drabke, Lorenz"]
[Black "Vogel, Jaap"]
[Result "1-0"]
[WhiteElo "2465"]
[BlackElo "2283"]
[PlyCount "41"]

1. e4 e6 2. d3 d5 3. Nd2 Nf6 4. Ngf3 Be7 5. g3 b6 6. Bg2 Bb7 7. e5 Nfd7 8. h4
c5 9. O-O Nc6 10. Re1 Qc7 11. Qe2 h6 12. h5 Nb4 13. Nb1 d4 14. c4 a6 15. a3 Nc6
16. Bf4 b5 17. Nbd2 b4 18. Ne4 Qb6 19. Nfd2 b3 20. Qg4 Rg8 21. Nf6+ 1-0

[Event "Bad Woerishofen op"]
[Site "?"]
[Date "2005.03.05"]
[Round "3"]
[White "Schulze, Ulrich"]
[Black "Zhang, Pengxiang"]
[Result "0-1"]
[WhiteElo "2333"]
[BlackElo "2560"]
[PlyCount "82"]

1. d4 d5 2. Nf3 Nf6 3. c4 dxc4 4. e3 e6 5. Bxc4 a6 6. O-O b5 7. Be2 Bb7 8. Nbd2
Be7 9. a3 O-O 10. b4 Nbd7 11. Qc2 Nb6 12. Bb2 Na4 13. Rac1 Nxb2 14. Qxb2 Bd6
15. Rfd1 Qe7 16. Qc2 a5 17. Bxb5 axb4 18. axb4 Nd5 19. Bd3 Nxb4 20. Bxh7+ Kh8
21. Qb1 g6 22. Bxg6 fxg6 23. Qxg6 Rf7 24. Ng5 Rg7 25. Qh6+ Kg8 26. Nde4 Bxe4
27. Nxe4 Nd5 28. Nxd6 cxd6 29. Rc2 Rf8 30. Rdc1 Qf7 31. Qh3 Ne7 32. g3 Qg6 33.
Rc7 Rgf7 34. R1c2 d5 35. Rb2 Rh7 36. Qg2 Nf5 37. Rxh7 Qxh7 38. h3 Nd6 39. Kh2
Qd3 40. g4 Nc4 41. Ra2 Nd2 0-1

[Event "Bad Woerishofen op"]
[Site "?"]
[Date "2005.03.05"]
[Round "3"]
[White "Postny, Evgeny"]
[Black "Kummerow, Heiko"]
[Result "1-0"]
[WhiteElo "2557"]
[BlackElo "2292"]
[PlyCount "85"]

1. d4 f5 2. c4 Nf6 3. Nc3 d6 4. Nf3 g6 5. b4 Bg7 6. Bb2 O-O 7. e3 Qe8 8. Qb3 c6
9. c5+ Kh8 10. Be2 Na6 11. O-O Nc7 12. Nd2 Be6 13. Qc2 Nfd5 14. a3 Nxc3 15.
Bxc3 Nd5 16. Bb2 Qd7 17. Nc4 Rae8 18. Rfe1 Nf6 19. Bf1 Qc7 20. Nd2 Bc8 21. Rac1
Ng4 22. h3 Nh6 23. cxd6 Qxd6 24. b5 cxb5 25. Bxb5 Rd8 26. Nf3 Nf7 27. Bc4 Be6
28. Qb3 Bxc4 29. Rxc4 Rd7 30. a4 Qe6 31. Ba3 Nd6 32. Bxd6 Qxd6 33. Qb5 Bf6 34.
Rec1 Kg7 35. Ne5 Bxe5 36. dxe5 Qe6 37. Rc7 Rxc7 38. Rxc7 b6 39. Rxa7 Rd8 40.
Rb7 Rd1+ 41. Kh2 Rd5 42. Rxe7+ Qxe7 43. Qxd5 1-0

[Event "Bad Woerishofen op"]
[Site "?"]
[Date "2005.03.05"]
[Round "3"]
[White "Loew, Gerald"]
[Black "Siebrecht, Sebastian"]
[Result "0-1"]
[WhiteElo "2265"]
[BlackElo "2408"]
[PlyCount "72"]

1. c4 Nf6 2. g3 g6 3. Bg2 Bg7 4. Nc3 O-O 5. d3 d6 6. Bg5 h6 7. Bd2 c6 8. e4 Na6
9. Nge2 Bg4 10. h3 Bd7 11. O-O e5 12. Kh2 Nh5 13. Be3 f5 14. exf5 gxf5 15. f4
Qe7 16. Qd2 Kh7 17. Rae1 Rg8 18. Bf3 Qf7 19. Rg1 b6 20. b3 Rae8 21. fxe5 dxe5
22. d4 e4 23. Bxh5 Qxh5 24. Nf4 Qf7 25. d5 c5 26. Ref1 Be5 27. Nce2 h5 28. Ng2
Nb4 29. Nef4 Nd3 30. Ne1 Nxf4 31. Bxf4 Bd4 32. Be3 h4 33. g4 Qg7 34. gxf5 Qe5+
35. Kh1 Rg3 36. Rxg3 Qxg3 0-1

[Event "Bad Woerishofen op"]
[Site "?"]
[Date "2005.03.05"]
[Round "3"]
[White "Haub, Thorsten-Michael"]
[Black "Kauch, Markus"]
[Result "1-0"]
[WhiteElo "2422"]
[BlackElo "2241"]
[PlyCount "69"]

1. Nf3 f5 2. c4 Nf6 3. g3 g6 4. Bg2 Bg7 5. O-O O-O 6. Nc3 d6 7. Rb1 e5 8. d3
Nc6 9. b4 h6 10. b5 Ne7 11. Bb2 g5 12. c5 Be6 13. cxd6 cxd6 14. Nd2 Qd7 15. Nc4
Rad8 16. Ba3 Ne8 17. b6 a6 18. Na5 e4 19. Qd2 Nf6 20. dxe4 fxe4 21. Nxe4 Nxe4
22. Bxe4 Qa4 23. Qb4 Qxb4 24. Bxb4 Bd5 25. Bxd5+ Nxd5 26. Nxb7 Rb8 27. Nxd6
Rxb6 28. Ba3 Rxb1 29. Rxb1 Nc3 30. Rb7 Nxe2+ 31. Kf1 Nd4 32. Bb2 Ne6 33. Bxg7
Nxg7 34. Ra7 Rf6 35. Rxg7+ 1-0

[Event "Bad Woerishofen op"]
[Site "?"]
[Date "2005.03.05"]
[Round "3"]
[White "Claassen, Joerg"]
[Black "Pirrot, Dieter"]
[Result "0-1"]
[WhiteElo "2235"]
[BlackElo "2401"]
[PlyCount "78"]

1. Nf3 d5 2. d4 Nc6 3. Bf4 Bg4 4. e3 e6 5. Be2 Bd6 6. Bxd6 cxd6 7. Nbd2 Nf6 8.
O-O O-O 9. c4 dxc4 10. Nxc4 Rc8 11. h3 Bh5 12. Nh4 Bxe2 13. Qxe2 d5 14. Nd2 Na5
15. Rfc1 Qb6 16. b3 Rc6 17. Rxc6 Qxc6 18. b4 Qc3 19. Rb1 Nc6 20. Qd1 Ne7 21.
Rc1 Qxb4 22. Rb1 Qa3 23. Rxb7 Nc8 24. Qb1 Nb6 25. Rc7 Ne8 26. Rc5 Nd6 27. Nhf3
g6 28. Qb3 Qa6 29. Ne5 Qe2 30. Ndf3 Nbc4 31. Nxc4 dxc4 32. Qb1 Kg7 33. a4 Rc8
34. Qa1 Rb8 35. Qf1 Qc2 36. Ne1 Qxa4 37. Qe2 Rb1 38. Kh2 Ne4 39. Rc7 Qa5 0-1

[Event "Bad Woerishofen op"]
[Site "?"]
[Date "2005.03.05"]
[Round "3"]
[White "Heika, Martin"]
[Black "Klamp, Christoph"]
[Result "1/2-1/2"]
[WhiteElo "2364"]
[BlackElo "2134"]
[PlyCount "77"]

1. e4 c6 2. d4 d5 3. Nc3 dxe4 4. Nxe4 Nf6 5. Nxf6+ gxf6 6. Nf3 Bf5 7. g3 Qd5 8.
c3 e6 9. Bg2 Qb5 10. b3 Nd7 11. c4 Qa5+ 12. Bd2 Bb4 13. O-O Bxd2 14. Nxd2 O-O-O
15. Qe2 h5 16. c5 Ne5 17. Nc4 Nxc4 18. Qxc4 Qd2 19. Rfd1 Qh6 20. Qc1 Qxc1 21.
Raxc1 Rd7 22. Rd2 Rhd8 23. Rcd1 Bg4 24. f3 Bf5 25. Kf2 Bg6 26. Ke3 Rh8 27. f4
Bf5 28. b4 Kc7 29. a4 Rdd8 30. b5 h4 31. Rb2 hxg3 32. hxg3 Rh2 33. bxc6 bxc6
34. Rdd2 Rhh8 35. Rb4 Rb8 36. Rdb2 Rxb4 37. Rxb4 Rh2 38. Bf1 Ra2 39. Ba6
1/2-1/2

[Event "Bad Woerishofen op"]
[Site "?"]
[Date "2005.03.05"]
[Round "3"]
[White "Dietze, Frank Heinz"]
[Black "Poulsen, Martin"]
[Result "0-1"]
[WhiteElo "2167"]
[BlackElo "2285"]
[PlyCount "126"]

1. d4 Nf6 2. Nf3 d5 3. c4 e6 4. cxd5 exd5 5. Bg5 Be7 6. Nc3 c6 7. Qc2 g6 8.
Bxf6 Bxf6 9. e3 Bf5 10. Bd3 Bxd3 11. Qxd3 Nd7 12. b4 O-O 13. b5 Nb6 14. bxc6
bxc6 15. O-O Rc8 16. Rac1 Qe7 17. Qa6 c5 18. dxc5 Rxc5 19. Nb5 Nc4 20. a4 Rb8
21. Qxa7 Qxa7 22. Nxa7 Ra8 23. Nb5 Rxa4 24. Nc3 Bxc3 25. Rxc3 Rca5 26. g3 Ra2
27. Rfc1 Kg7 28. Nd4 h5 29. h4 Rb2 30. R3c2 Rb6 31. Kg2 Ra7 32. Rd1 Re7 33. Rd3
Ne5 34. Rdc3 Ng4 35. Rd2 Ra7 36. Rdc2 Ne5 37. Rc5 Nd3 38. Rc7 Ne1+ 39. Kf1 Nxc2
40. Rxa7 Nxd4 41. exd4 Rb4 42. Ke2 Rxd4 43. Ra5 Kf6 44. Ke3 Re4+ 45. Kd3 Ke5
46. Rb5 Ra4 47. Rb3 f6 48. Ke3 g5 49. hxg5 fxg5 50. Rd3 d4+ 51. Kf3 g4+ 52. Ke2
Ra2+ 53. Kf1 Kd5 54. Rb3 Kc4 55. Rb8 Ra1+ 56. Ke2 d3+ 57. Kd2 Ra2+ 58. Ke1 Re2+
59. Kf1 Re5 60. Rc8+ Kd4 61. Rc7 d2 62. Rd7+ Kc3 63. Kg2 Re1 0-1

[Event "Bad Woerishofen op"]
[Site "?"]
[Date "2005.03.05"]
[Round "3"]
[White "Colovic, Aleksandar"]
[Black "Mertens, Heiko"]
[Result "1-0"]
[WhiteElo "2404"]
[BlackElo "2235"]
[PlyCount "115"]

1. e4 c5 2. Nf3 Nc6 3. d4 cxd4 4. Nxd4 Nf6 5. Nc3 e5 6. Ndb5 d6 7. Bg5 a6 8.
Na3 b5 9. Bxf6 gxf6 10. Nd5 f5 11. c3 Bg7 12. Bd3 Be6 13. Nxb5 axb5 14. Bxb5
Rc8 15. Qa4 Bd7 16. exf5 O-O 17. O-O Kh8 18. Qe4 Rg8 19. Rfd1 Bf6 20. a4 Rg5
21. Ne3 Qc7 22. Qd5 Bxf5 23. Qxd6 Be6 24. Qxc7 Rxc7 25. Nd5 Bxd5 26. Rxd5 Ne7
27. Rd6 Kg7 28. Bd3 Nc8 29. Rd5 Ne7 30. Rb5 Nc8 31. a5 Na7 32. Rd5 Kh6 33. Rd6
Rc6 34. Rd7 e4 35. Bxe4 Re6 36. Rxf7 Rxe4 37. Rxf6+ Kg7 38. Ra6 Re7 39. b4 Rf5
40. g3 Re2 41. c4 Rf7 42. Rf1 Re4 43. Rc1 Re2 44. Rf1 Re4 45. b5 Rxc4 46. b6
Nc6 47. Ra8 Rb4 48. Rc1 Rf6 49. Rc2 Rb5 50. Ra2 Kh6 51. Rc8 Nxa5 52. Rxa5 Rb2
53. Rcc5 Rfxf2 54. Rc6+ Kg7 55. Ra7+ Rf7 56. Rcc7 Rb1+ 57. Kg2 Rb2+ 58. Kh3 1-0

[Event "Bad Woerishofen op"]
[Site "?"]
[Date "2005.03.06"]
[Round "4"]
[White "Levin, Felix"]
[Black "Colovic, Aleksandar"]
[Result "1/2-1/2"]
[WhiteElo "2498"]
[BlackElo "2404"]
[PlyCount "23"]

1. d4 Nf6 2. c4 e6 3. g3 d5 4. Nf3 dxc4 5. Bg2 Bb4+ 6. Nc3 Nc6 7. O-O O-O 8.
Bg5 h6 9. Bxf6 Qxf6 10. e3 Rb8 11. Rc1 Qe7 12. Qc2 1/2-1/2

[Event "Bad Woerishofen op"]
[Site "?"]
[Date "2005.03.06"]
[Round "4"]
[White "Klamp, Christoph"]
[Black "Wang, Rui"]
[Result "0-1"]
[WhiteElo "2134"]
[BlackElo "2478"]
[PlyCount "44"]

1. b3 e5 2. Bb2 Nc6 3. Nf3 d6 4. d4 exd4 5. Nxd4 Nf6 6. e3 Be7 7. Be2 O-O 8.
Nxc6 bxc6 9. Nd2 a5 10. a4 d5 11. O-O Re8 12. Nf3 Bd6 13. h3 Qe7 14. Bd3 Ne4
15. Bxe4 Qxe4 16. Qd4 Qg6 17. Nh4 Qh6 18. Nf3 Re4 19. Qc3 Bb4 20. Qd3 Bxh3 21.
gxh3 Qxh3 22. Nh2 Rh4 0-1

[Event "Bad Woerishofen op"]
[Site "?"]
[Date "2005.03.06"]
[Round "4"]
[White "Graf, Christian"]
[Black "Gasthofer, Alexander"]
[Result "1/2-1/2"]
[WhiteElo "2183"]
[BlackElo "2434"]
[PlyCount "49"]

1. e4 e6 2. d4 d5 3. Nd2 c5 4. exd5 exd5 5. Bb5+ Nc6 6. Ngf3 Bd6 7. dxc5 Bxc5
8. O-O Nge7 9. Nb3 Bd6 10. c3 O-O 11. Nbd4 Bg4 12. Be2 Re8 13. Bg5 Qb6 14. Qb3
Nxd4 15. Nxd4 Qxb3 16. axb3 Bxe2 17. Nxe2 Nf5 18. Rfe1 Bc5 19. Ng3 Nxg3 20.
hxg3 f6 21. Bf4 g5 22. Bd2 h5 23. Kf1 Kf7 24. Rxe8 Rxe8 25. Ra5 1/2-1/2

[Event "Bad Woerishofen op"]
[Site "?"]
[Date "2005.03.06"]
[Round "4"]
[White "Poulsen, Martin"]
[Black "Tscharotschkin, Michael"]
[Result "1/2-1/2"]
[WhiteElo "2285"]
[BlackElo "2202"]
[PlyCount "33"]

1. e4 e6 2. d4 d5 3. Nd2 Nf6 4. e5 Nfd7 5. Ngf3 c5 6. c4 dxc4 7. Nxc4 cxd4 8.
Bg5 Bb4+ 9. Bd2 Be7 10. Nxd4 Nxe5 11. Ba5 Qd5 12. Nb5 Qe4+ 13. Be2 Nxc4 14. Rc1
Na6 15. Rxc4 Qxg2 16. Bf3 Qg5 17. a4 1/2-1/2

[Event "Bad Woerishofen op"]
[Site "?"]
[Date "2005.03.06"]
[Round "4"]
[White "Gutman, Lev"]
[Black "Slaby, Jerzy"]
[Result "0-1"]
[WhiteElo "2461"]
[BlackElo "2401"]
[PlyCount "82"]

1. Nf3 Nf6 2. g3 d5 3. Bg2 c6 4. c3 Bg4 5. Qb3 Qb6 6. d3 Nbd7 7. Be3 Qxb3 8.
axb3 a6 9. b4 e5 10. Nbd2 Be6 11. Ng5 Bf5 12. Nb3 h6 13. Nf3 Bd6 14. Bc5 Nxc5
15. Nxc5 Rb8 16. O-O Nd7 17. d4 e4 18. Nh4 Bh7 19. Nxd7 Kxd7 20. f3 g5 21. Bh3+
Ke7 22. Ng2 f5 23. fxe4 g4 24. Bxg4 fxg4 25. e5 Bc7 26. Rf6 Be4 27. Ne3 h5 28.
Nf5+ Bxf5 29. Rxf5 Rbf8 30. Raf1 Rxf5 31. Rxf5 Bd8 32. Rf6 Ke8 33. Rf5 Be7 34.
Kg2 Rh7 35. h3 gxh3+ 36. Kxh3 Kd7 37. Rf1 Ke6 38. Rh1 Rg7 39. Re1 Rg4 40. Rf1
Re4 41. Rf2 Re3 0-1

[Event "Bad Woerishofen op"]
[Site "?"]
[Date "2005.03.06"]
[Round "4"]
[White "Pitl, Gregory"]
[Black "Stuemer, Paul"]
[Result "1-0"]
[WhiteElo "2296"]
[BlackElo "2166"]
[PlyCount "45"]

1. e4 c5 2. Nc3 Nc6 3. Bb5 Na5 4. Nf3 a6 5. Be2 e6 6. O-O Qc7 7. b3 b5 8. Re1
Bb7 9. Bf1 b4 10. Nb1 Nf6 11. e5 Nd5 12. c4 Ne7 13. Bb2 Ng6 14. d3 Be7 15. Nbd2
O-O 16. Ne4 Nc6 17. Qc1 Ncxe5 18. Nxe5 Nxe5 19. Qf4 f6 20. d4 cxd4 21. Bxd4
Nf3+ 22. Qxf3 f5 23. Qg3 1-0

[Event "Bad Woerishofen op"]
[Site "?"]
[Date "2005.03.06"]
[Round "4"]
[White "Zhang, Pengxiang"]
[Black "Haub, Thorsten"]
[Result "1-0"]
[WhiteElo "2560"]
[BlackElo "2422"]
[PlyCount "73"]

1. e4 g6 2. d4 Bg7 3. Nc3 d6 4. Be3 a6 5. Qd2 Nd7 6. f3 b5 7. h4 h6 8. Nge2 e6
9. g4 Ne7 10. Ng3 Bb7 11. Bg2 d5 12. e5 c5 13. f4 cxd4 14. Bxd4 Nc6 15. Bf2 Bf8
16. Nce2 Be7 17. Nd4 Nxd4 18. Qxd4 Rc8 19. Qd2 Qc7 20. O-O-O Nb6 21. Bd4 Nc4
22. Qf2 Bc5 23. Bxc5 Qxc5 24. Qxc5 Rxc5 25. Rd3 Ke7 26. Ne2 Rhc8 27. Nd4 g5 28.
b3 Na3 29. Rd2 gxf4 30. Rf1 f6 31. exf6+ Kf7 32. Re1 Rc3 33. g5 hxg5 34. hxg5
Kg6 35. Rxe6 Kxg5 36. Rb6 Ba8 37. f7 1-0

[Event "Bad Woerishofen op"]
[Site "?"]
[Date "2005.03.06"]
[Round "4"]
[White "Salvermoser, Bernd"]
[Black "Savchenko, Stanislav"]
[Result "0-1"]
[WhiteElo "2222"]
[BlackElo "2505"]
[PlyCount "46"]

1. d4 d5 2. c4 c6 3. cxd5 cxd5 4. Nc3 Nf6 5. Bf4 Nc6 6. e3 Bf5 7. Nf3 e6 8. Bb5
Nd7 9. O-O Be7 10. Qb3 g5 11. Bg3 h5 12. h3 g4 13. hxg4 hxg4 14. Nh2 Bh4 15.
Be2 Na5 16. Qb4 a6 17. Rac1 Bxg3 18. fxg3 Nf6 19. Na4 Ne4 20. Bxg4 Nxg3 21. Rf2
Bxg4 22. Rxf7 Kxf7 23. Nxg4 Rh1+ 0-1

[Event "Bad Woerishofen op"]
[Site "?"]
[Date "2005.03.06"]
[Round "4"]
[White "Mainka, Romuald"]
[Black "Zaragatski, Ilja"]
[Result "0-1"]
[WhiteElo "2454"]
[BlackElo "2344"]
[PlyCount "90"]

1. g3 d5 2. Bg2 e5 3. d3 Nf6 4. Nf3 Nc6 5. O-O Be7 6. a3 a5 7. b3 O-O 8. Bb2 d4
9. c3 dxc3 10. Nxc3 Re8 11. Rc1 Bf8 12. Nb5 Ra6 13. Nd2 Rb6 14. a4 Bg4 15. Nc4
Ra6 16. Re1 Bb4 17. Bc3 Bxc3 18. Rxc3 Be6 19. Ne3 Re7 20. Bxc6 bxc6 21. Na3 Nd5
22. Nxd5 cxd5 23. d4 Bg4 24. f3 Bf5 25. dxe5 Rxe5 26. Nb5 c6 27. Nd4 Bd7 28.
Qd2 h5 29. e3 h4 30. g4 h3 31. Qf2 Qe7 32. Rec1 Rb6 33. f4 Re4 34. g5 Qd6 35.
Ne2 f6 36. Ng3 Reb4 37. gxf6 Qxf6 38. Qc2 d4 39. Rd3 Bf5 40. Nxf5 Qxf5 41. Rxd4
Qg4+ 42. Kh1 Qf3+ 43. Kg1 Qg4+ 44. Kh1 Qf3+ 45. Kg1 Qxe3+ 0-1